Cārudatta. (Record no. 58930)
[ view plain ]
| 000 -LEADER | |
|---|---|
| fixed length control field | 00591cam a22002291 4500 |
| 001 - CONTROL NUMBER | |
| control field | sa 64005077 |
| 003 - CONTROL NUMBER IDENTIFIER | |
| control field | DLC |
| 005 - DATE AND TIME OF LATEST TRANSACTION | |
| control field | 20260227112030.0 |
| 008 - FIXED-LENGTH DATA ELEMENTS--GENERAL INFORMATION | |
| fixed length control field | 890505s1962 ii 000 0 kano |
| 010 ## - LIBRARY OF CONGRESS CONTROL NUMBER | |
| LC control number | sa 64005077 |
| 035 ## - SYSTEM CONTROL NUMBER | |
| System control number | (OCoLC)19660214 |
| 040 ## - CATALOGING SOURCE | |
| Original cataloging agency | DLC |
| Transcribing agency | WaU |
| Modifying agency | DLC |
| 042 ## - AUTHENTICATION CODE | |
| Authentication code | premarc |
| 050 00 - LIBRARY OF CONGRESS CALL NUMBER | |
| Classification number | PL4659.N285 |
| Item number | C3 |
| 100 1# - MAIN ENTRY--PERSONAL NAME | |
| Personal name | Nañjuṇḍārādhya, Eṃ. Ji., |
| Dates associated with a name | 1914- |
| 245 10 - TITLE STATEMENT | |
| Title | Cārudatta. |
| 260 ## - PUBLICATION, DISTRIBUTION, ETC. | |
| Date of publication, distribution, etc. | [1962] |
| 300 ## - PHYSICAL DESCRIPTION | |
| Extent | iv, (i.e. vi), 132 p. |
| Dimensions | 19 cm. |
| 500 ## - GENERAL NOTE | |
| General note | In Kannada. |
| 700 0# - ADDED ENTRY--PERSONAL NAME | |
| Personal name | Bhāsa. |
| Title of a work | Cārudatta. |
| 700 0# - ADDED ENTRY--PERSONAL NAME | |
| Personal name | Śụdraka. |
| Title of a work | Mr̥cchakaṭika. |
No items available.